000 00574nam a2200169Ia 4500
005 20250508160138.0
008 008 250505s9999 xx 000 0 eng d
037 _aTextual
040 _aFEDL
_beng
_cFEDL
041 _aeng
_2eng
084 _a371.27, GRE
_qFEDL
245 0 _aExaminations in art : Question papers, 1962 : The intermediate examination in art and crafts
245 0 _cGreat Britain. Education, (Ministry of ...)
260 _aLondon, UK
_bHer Majesty's Stationery Office
_c1962
942 _cTEXL
_h371.27, GRE
999 _c1362192
_d1362192